000 00589nam a2200265Ia 4500
005 20260306163503.0
008 008 260114s9999 xx 000 0 eng d
020 _a9780252052880
037 _aEBOOK
040 _aCRL
040 _beng
040 _cCRL
041 _2eng
041 _aeng
084 _qCRL
100 _aStarr
245 0 _aListening To Bob Dylan
260 _bUniversity of Illinois Press
260 _c2022
650 _aMusic
856 _uhttps://academic.oup.com/book/42812
942 _cEBOOK
999 _c1710298
_d1710298